000 00373nam a2200157Ia 4500
003 GCL
008 140319s9999 xx 000 0 eng d
040 _aGCL /
_cGCL
082 0 4 _aM
_bGIZA
_b5000
245 1 0 _aGEOLOJIC MAP OF GIZA LYRAMIDS PLALEAU SCALE 1:5000
260 _a[S.N] :
_bNONE
650 0 4 _aSPHINX
650 0 4 _aPYRAMIDS
650 0 4 _aGIZA
942 _2ddc
_cMP
999 _c25768
_d25768